Sports Quiz

Random Sports or Country Quiz

Premier League Sevens Quiz Stats

 Plays Quiz not verified by Sporcle

Challenge
Share
Tweet
Embed
Score 0/20 Timer 10:00
0 Plays Today
Hint Answer % Correct
Liverpool: 2011/12Luis Suarez
95.2%
Aston Villa: 2008/09Ashley Young
92.1%
Chelsea: 2006/07Andriy Shevchenko
92.1%
Manchester City: 2015/16Raheem Sterling
92.1%
Manchester United: 1998/99David Beckham
92.1%
Arsenal: 2003/04Robert Pires
90.5%
Crystal Palace: 2014/15Yannick Bolasie
82.5%
Tottenham Hotspur: 2011/12Aaron Lennon
82.5%
Southampton: 1994/95Matthew Le Tissier
77.8%
Norwich City: 2012/13Robert Snodgrass
60.3%
Hint Answer % Correct
Stoke City: 2015/16Stephen Ireland
60.3%
Swansea City: 2013/14Leon Britton
50.8%
Leicester City: 1996/97Neil Lennon
47.6%
West Bromwich Albion: 2015/16James Morrison
47.6%
Newcastle United: 2007/08Joey Barton
44.4%
West Ham United: 2009/10Kieron Dyer
38.1%
AFC Bournemouth: 2015/16Marc Pugh
30.2%
Watford: 2015/16Jose Manuel Jurado
30.2%
Sunderland: 2008/09Carlos Edwards
22.2%
Everton: 2004/05Marcus Bent
17.5%

You're not logged in!

Compare scores with friends on all Sporcle quizzes.
Join for Free
OR
Log In

You Might Also Like...

Show Comments

Extras

Top Quizzes Today


Score Distribution

Your Account Isn't Verified!

In order to create a playlist on Sporcle, you need to verify the email address you used during registration. Go to your Sporcle Settings to finish the process.

Report this User

Report this user for behavior that violates our Community Guidelines.

Details: